Účtovníctvo pre 4. ročník obchodných akadémií

Bibliographic Details
Main Authors: Ďuricová, Oľga (Author), Paulínyová, Eva (Author), Spitzová, Amália (Author), Boušková, Dagmar, 1950- (Author), Majtánová, Anna (Author)
Format: Book
Language:Slovak
PhysicalDescription:134 s. tab. 30 cm
Published: Bratislava Slovenské pedagogické nakladateľstvo 1998
ISBN:8008027274
Edition:4. vyd.
Subjects:

MARC

LEADER 00000nam a2200000 a 4500
001 vtls001328691
003 SK-MaSNL
005 20260311104732.0
008 240226s1998 xo p r y slo
015 |a SNBA1998/09-03266 
020 |a 8008027274 
035 |a SNK000281518 
035 |a urn:nbn:sk:snk-amtjkc 
035 |a urn:nbn:sk:snk-am00c6q0 
035 |a B0BED26B-9B4C-47B4-8DA2-99E4F62F9F01 
040 |a SNK  |b slo  |c SNK  |e AACR2 
041 0 |a slo 
044 |a xo  |c SK 
080 |a 657(075.3)  |2 1981 
245 0 |a Účtovníctvo pre 4. ročník obchodných akadémií  |c Oľga Ďuricová ... [et al.] 
250 |a 4. vyd. 
260 |a Bratislava  |b Slovenské pedagogické nakladateľstvo  |c 1998 
300 |a 134 s.  |b tab.  |c 30 cm 
650 0 7 |a účtovníctvo  |x učebnice obchod. akadémií (4. roč.)  |2 SNK  |9 290256 
655 7 |a učebnice  |2 SNK  |9 22521 
700 1 |a Ďuricová, Oľga  |4 aut  |9 210264 
700 1 |a Paulínyová, Eva  |4 aut  |9 46188 
700 1 |a Spitzová, Amália  |4 aut  |9 210263 
700 1 |a Boušková, Dagmar,  |d 1950-  |4 aut  |9 1634629 
700 1 |a Majtánová, Anna  |4 aut  |9 277658 
919 |a 80-08-02727-4 
958 |a TL 
958 |a UC 
999 |c 545809  |d 547739 
952 |t P60, <03>, [BOOK], {603}  |a SNK  |b SNK  |y PREZ  |7 0  |p 17A0134732  |o snkSB 58662  |i snkKSP 4678/98  |0 0  |1 0  |4 0  |d 1998-04-24  |f 1  |l 0  |r 2017-06-30 00:00:00  |w 2026-02-23 
952 |t P60, <04>, [BOOK], {604}  |a SNK  |b SNK  |y VYP  |7 0  |p 17A0138136  |o snkSB 58662 D1  |i snkKSP 4835/98  |0 0  |1 0  |4 0  |d 1998-05-04  |l 0  |r 2005-01-02 00:00:00  |w 2026-02-23 
952 |t P60, <09>, [BOOK], {629}  |a SNK  |b SNK  |y NEVYP  |7 0  |o snkB 258  |i snk860/980505  |0 0  |1 0  |4 0  |d 1998-05-04  |l 0  |r 2005-01-02 00:00:00  |w 2026-02-23